• 首页
  • 本馆介绍
  • 公告通知
  • 最新文献
  • 馆藏检索
  • 电子资源
  • 读者导购
  • 参考咨询
  • 我的图书馆
  • 登录
  • 详细信息显示
  • 放入我的书架
  • 预约/预借图书
  • 作者相关作品
  • 分类相关作品
  • 丛书相关作品
  • 出版社相关作品

书目信息

  • 表格格式
  • 工作单格式
  • 卡片格式
题名:
梦溪笔谈
    
 
作者: 甑妮吉 选编
分册:  
出版信息: 天津   天津人民出版社  2018
页数: 14, 381页
开本: 24cm
丛书名: 国学精粹
单 册:
中图分类: I264.41
科图分类:
主题词: 笔记--bi ji--作品集--中国--北宋 , 文史--wen shi--中国--北宋
电子资源:
ISBN: 978-7-201-12787-3
000 01080nam 2200289 450
001 012001006852
005 20131017172828.0
010    @a978-7-201-12787-3@dCNY49.80
099    @aCAL 012019086301
100    @a20190108d2018 em y0chiy50 ea
101 0  @achi
102    @aCN@b120000
105    @ay z 000zy
106    @ar
200 1  @a梦溪笔谈@Ameng xi bi tan@f甑妮吉选编
210    @a天津@c天津人民出版社@d2018
215    @a14, 381页@d24cm
225 2  @a国学精粹@Aguo xue jing cui
330    @a本书是一部涉及古代中国自然科学、工艺技术及社会历史现象的综合性笔记体著作。书中的自然科学部分, 总结了中国古代、特别是北宋时期科学成就。社会历史方面, 对北宋统治集团的腐朽有所暴露, 对西北和北方的军事利害、典制礼仪的演变, 旧赋役制度的弊害, 都有较为详实的记载。
410  0 @12001 @a国学精粹
605    @a《梦溪笔谈》@A《 meng xi bi tan 》@x注释
606 0  @a笔记@Abi ji@x作品集@y中国@z北宋
606 0  @a文史@Awen shi@y中国@z北宋
690    @aI264.41@v5
701  0 @a甑妮吉@Azeng ni ji@4选编
801  0 @aCN@b上海新华@c20191020
905    @b1175537-40@dI264.41@e3521@f4
    
    梦溪笔谈/甑妮吉选编.-天津:天津人民出版社,2018
    14, 381页;24cm.-(国学精粹)
    
    
    ISBN 978-7-201-12787-3:CNY49.80
    本书是一部涉及古代中国自然科学、工艺技术及社会历史现象的综合性笔记体著作。书中的自然科学部分, 总结了中国古代、特别是北宋时期科学成就。社会历史方面, 对北宋统治集团的腐朽有所暴露, 对西北和北方的军事利害、典制礼仪的演变, 旧赋役制度的弊害, 都有较为详实的记载。
●
相关链接 在E读中查询图书 在五车中查询图书 在当当中查询图书 在豆瓣中查询图书


正题名:梦溪笔谈     索取号:I264.41/3521         预约/预借

序号 登录号 条形码 馆藏地/架位号 状态 备注
1 1175537   211755377   第一样本阅览室/ [索取号:I264.41/3521] 在馆    
2 1175538   211755386   第二借阅区/ [索取号:I264.41/3521] 在馆    
3 1175539   211755395   第二借阅区/ [索取号:I264.41/3521] 在馆    
4 1175540   211755402   第二借阅区/ [索取号:I264.41/3521] 在馆    
唐山师范学院图书馆 欢迎您!
大连网信软件有限公司© 版权所有